| 000 | 00492nam a2200181Ia 4500 | ||
|---|---|---|---|
| 005 | 20240823051143.0 | ||
| 008 | 240823s9999||||xx |||||||||||||| ||und|| | ||
| 020 | _a0-8493-0585-3 | ||
| 041 | _aENGLISH | ||
| 082 | _A620.1 P2 | ||
| 100 | _aSanjay K Mazumdar | ||
| 245 | 0 | _aComposites Manufacturing Materials Product and Process Engineering | |
| 250 | _a1st | ||
| 260 |
_c2002 _b"CRC Press,Boca " |
||
| 500 | _aTRANSFERED | ||
| 650 |
_aComposites _bAutomobile Engineering |
||
| 942 | _cBK | ||
| 999 |
_c218918 _d218918 |
||